[Event "TCh-TUR Super League 2014"]
[Site "Kocaeli TUR"]
[Date "2014.08.28"]
[Round "12.4"]
[Board "5"]
[White "Burcu, Cagatay"]
[Black "Butros, Ryan T."]
[Result "1-0"]
[WhiteElo "2099"]
[BlackElo "2130"]
[WhiteTeam "Antalya Calli Spor Kulubu"]
[BlackTeam "Tarsus Zeka Satranc Kulubu"]
[WhiteFideId "6310630"]
[BlackFideId "2026481"]
[EventDate "2014.08.18"]

1. d4 Nf6 2. Nf3 e6 3. Nbd2 d5 4. e3 c5 5. c3 Nc6 6. Bd3 Bd6 7. O-O O-O 8. dxc5
Bxc5 9. e4 Qc7 10. exd5 exd5 11. Nb3 Bd6 12. h3 Bf4 13. Re1 Bd7 14. Bxf4 Qxf4
15. Qd2 Qxd2 16. Nbxd2 Rfe8 17. Nb3 Rxe1+ 18. Rxe1 Re8 19. Rxe8+ Nxe8 20. Nc5
Bc8 21. Bb5 Kf8 22. Bxc6 bxc6 23. Ne5 Ke7 24. b4 Kd6 25. Nxf7+ Ke7 26. Ne5 Kd6
27. Nf3 a5 28. a3 axb4 29. axb4 Nc7 30. Nd4 g6 31. Kf1 Na6 32. Nxa6 Bxa6+ 33.
Ke1 c5 34. bxc5+ Kxc5 35. h4 Bc8 36. Kd2 Kc4 37. Nf3 Bf5 38. Ne5+ Kb3 39. g4 Bb1
40. g5 Bf5 41. f4 Bb1 42. Nd7 Kc4 43. Nf6 d4 44. cxd4 Kxd4 45. Ke2 Ba2 46. Kf3
Bb3 47. Nxh7 Bd1+ 48. Kg3 Ke4 49. Nf6+ Kf5 50. Nd5 Bh5 51. Nc7 Bd1 52. Ne8 Ke6
53. h5 gxh5 54. Ng7+ Kf7 55. Nf5 Ke6 56. Ne3 Be2 57. f5+ Ke5 58. f6 Ke6 59. Kh4
Kf7 60. Nd5 Bb5 61. Kxh5 Be2+ 62. Kh6 Bd3 63. Ne3 Be4 64. Nc4 Bd5 65. Ne5+ Kg8 1-0

[Event "TCh-TUR Super League 2014"]
[Site "Kocaeli TUR"]
[Date "2014.08.28"]
[Round "12.4"]
[Board "6"]
[White "Gvetadze, Sofio"]
[Black "Mammadova, Gulnar"]
[Result "1/2-1/2"]
[WhiteTitle "IM"]
[BlackTitle "WGM"]
[WhiteElo "2361"]
[BlackElo "2334"]
[WhiteTeam "Tarsus Zeka Satranc Kulubu"]
[BlackTeam "Antalya Calli Spor Kulubu"]
[WhiteFideId "13601440"]
[BlackFideId "13403508"]
[EventDate "2014.08.18"]

1. c4 e5 2. Nc3 Nc6 3. g3 g6 4. Bg2 Bg7 5. Nf3 d6 6. d3 Nge7 7. Bd2 O-O 8. Qc1
Nd4 9. Nxd4 exd4 10. Ne4 Bd7 11. Bh6 Bc6 12. Bxg7 Kxg7 13. h4 h5 14. g4 Rh8 15.
Qf4 hxg4 16. Qf6+ Kg8 17. Qxd4 Nf5 18. Qc3 Bxe4 19. Bxe4 Nxh4 20. O-O-O c6 21.
Rhg1 d5 22. Rxg4 dxe4 23. dxe4 Qe7 24. Rh1 Rd8 25. Qg3 Rd4 26. Rhxh4 Rxh4 27.
Qxh4 Rxc4+ 28. Kb1 Qd7 29. Rg1 Qd2 30. a3 Qc2+ 31. Ka1 Qxe4 32. Qf6 Qd4 33. Qe7
Qc5 34. Qxb7 Rc1+ 35. Rxc1 Qxc1+ 36. Ka2 Qc4+ 37. Kb1 a5 38. Qb8+ Kh7 39. Qh2+
Kg8 40. Qe5 a4 41. f4 Kf8 42. e4 Qb5 43. Qd6+ Ke8 44. e5 Qf1+ 45. Ka2 Qc4+ 46.
Ka1 Qxf4 47. Qb8+ Ke7 48. Qd6+ Ke8 49. Qb8+ Ke7 1/2-1/2

[Event "TCh-TUR Super League 2014"]
[Site "Kocaeli TUR"]
[Date "2014.08.28"]
[Round "12.4"]
[Board "7"]
[White "Sari, Yasin"]
[Black "Komut, Burak"]
[Result "0-1"]
[WhiteElo "2076"]
[BlackElo "1951"]
[WhiteTeam "Antalya Calli Spor Kulubu"]
[BlackTeam "Tarsus Zeka Satranc Kulubu"]
[WhiteFideId "6320902"]
[BlackFideId "6309984"]
[EventDate "2014.08.18"]

1. e4 e5 2. Nf3 Nc6 3. Bc4 Nf6 4. d3 Be7 5. c3 O-O 6. Bb3 d5 7. Qe2 dxe4 8. dxe4
Bc5 9. h3 Qe7 10. Nbd2 a5 11. Nf1 a4 12. Bc4 Be6 13. Bb5 Ra5 14. Ng3 Bxf2+ 15.
Qxf2 Rxb5 16. O-O Nd7 17. Be3 Nb6 18. Nh5 f6 19. Qg3 Kh8 20. Ng5 Bg8 21. Qg4 Nc4
22. Bc1 Nd8 23. Nf3 Be6 24. Qh4 Nxb2 25. g4 Nd3 26. Be3 Nc6 27. g5 f5 28. exf5
Bxf5 29. Nd2 Nf4 30. Nxf4 exf4 31. Qxf4 Re8 32. Rae1 Re5 33. Nc4 Rb5 34. h4 Bd3
35. Bd2 Qc5+ 36. Kh2 Rg8 37. Ne3 Bxf1 38. Nxf1 Qd6 39. Qxd6 cxd6 40. Re6 Rb2 41.
Rxd6 Rd8 0-1

[Event "TCh-TUR Super League 2014"]
[Site "Kocaeli TUR"]
[Date "2014.08.28"]
[Round "12.4"]
[Board "8"]
[White "Kaplan, Ebru"]
[Black "Durmaz, Ayca Fatma"]
[Result "1-0"]
[BlackTitle "WCM"]
[WhiteElo "1882"]
[BlackElo "1867"]
[WhiteTeam "Tarsus Zeka Satranc Kulubu"]
[BlackTeam "Antalya Calli Spor Kulubu"]
[WhiteFideId "6315194"]
[BlackFideId "6317855"]
[EventDate "2014.08.18"]

1. e4 c5 2. Nf3 e6 3. d4 cxd4 4. Nxd4 Nf6 5. Nc3 Nc6 6. Ndb5 Bb4 7. a3 Bxc3+ 8.
Nxc3 d5 9. Bd3 d4 10. Ne2 e5 11. O-O O-O 12. Ng3 Qd6 13. f4 exf4 14. Bxf4 Ne5
15. h3 Be6 16. Qe2 Nfd7 17. Nf5 Bxf5 18. exf5 f6 19. Rad1 Qb6 20. Bc1 Rad8 21.
Rf4 Nxd3 22. cxd3 Rfe8 23. Qg4 Nf8 24. b4 a5 25. Bb2 axb4 26. axb4 Qxb4 27. Bxd4
Re1+ 28. Rxe1 Qxe1+ 29. Kh2 Qe7 30. h4 Nd7 31. Re4 Ne5 32. Qe2 Qc7 33. Bxe5 fxe5
34. Rxe5 Rd5 35. d4 Rxd4 36. g3 h6 37. Kh3 Rc4 38. Re8+ Kh7 39. Qe6 1-0

[Event "TCh-TUR Super League 2014"]
[Site "Kocaeli TUR"]
[Date "2014.08.28"]
[Round "12.4"]
[Board "9"]
[White "Tasdogen, Dincer"]
[Black "Sevgi, Volkan"]
[Result "0-1"]
[BlackTitle "FM"]
[WhiteElo "1797"]
[BlackElo "2142"]
[WhiteTeam "Antalya Calli Spor Kulubu"]
[BlackTeam "Tarsus Zeka Satranc Kulubu"]
[WhiteFideId "6367097"]
[BlackFideId "6325335"]
[EventDate "2014.08.18"]

1. e4 c6 2. d4 d5 3. Nc3 dxe4 4. Nxe4 Nf6 5. Nxf6+ gxf6 6. Be3 Bf5 7. Bd3 Rg8 8.
Bxf5 Qa5+ 9. c3 Qxf5 10. g3 Nd7 11. Qf3 Qd5 12. Qxd5 cxd5 13. Nf3 e6 14. Bf4 b5
15. a4 b4 16. cxb4 Bxb4+ 17. Ke2 Ke7 18. Rac1 Bd6 19. Bxd6+ Kxd6 20. Nd2 Rab8
21. b3 Rb4 22. Rhd1 Nb8 23. Rc3 Nc6 24. Nf3 Rgb8 25. Rdd3 R8b6 26. Kd1 e5 27.
dxe5+ fxe5 28. Nd2 Nd4 29. f3 f5 30. h3 Rc6 31. Rxc6+ Nxc6 32. Nc4+ Ke6 33. Ne3
Nd4 34. Nc2 Nxc2 35. Kxc2 e4 36. fxe4 fxe4 37. Rc3 Rb7 38. Rc8 Rg7 39. g4 Ke5
40. Kc3 d4+ 41. Kd2 Rf7 42. Re8+ Kf4 43. Rd8 d3 44. Re8 a5 45. Rd8 Rc7 46. Rf8+
Kg3 47. Ke3 Rc1 48. Rf7 Re1+ 49. Kd2 Re2+ 50. Kd1 Rh2 51. Re7 Kf3 0-1

[Event "TCh-TUR Super League 2014"]
[Site "Kocaeli TUR"]
[Date "2014.08.28"]
[Round "12.4"]
[Board "10"]
[White "Ayazmali, Gizem"]
[Black "Altinoz, Fevziye Ece"]
[Result "1/2-1/2"]
[WhiteElo "1648"]
[BlackElo "1488"]
[WhiteTeam "Tarsus Zeka Satranc Kulubu"]
[BlackTeam "Antalya Calli Spor Kulubu"]
[WhiteFideId "6336590"]
[BlackFideId "6358942"]
[EventDate "2014.08.18"]

1. e4 c5 2. c3 d5 3. exd5 Qxd5 4. d4 Nf6 5. Nf3 Bg4 6. Be2 e6 7. Be3 cxd4 8.
cxd4 Bb4+ 9. Nc3 O-O 10. O-O Qa5 11. Qb3 Nbd7 12. a3 Bxc3 13. bxc3 Qc7 14. h3
Bh5 15. Rfc1 Nd5 16. c4 Nxe3 17. Qxe3 Nf6 18. Ne5 Bxe2 19. Qxe2 Rfd8 20. Rd1 Rd6
21. c5 Rd5 22. Rab1 Nd7 23. Ng4 Nf8 24. Ne3 Rd7 25. Nc4 Rad8 26. Nd6 b6 27. Rdc1
bxc5 28. dxc5 Qc6 29. Qb5 Rc7 30. Qxc6 Rxc6 31. Nb7 Rb8 32. a4 h6 33. a5 Nd7 34.
a6 Kh7 35. Rb5 Kg6 36. Rd1 Nf6 37. Rd8 Rxd8 38. Nxd8 Rc8 39. Nb7 Rc6 40. Ra5 1/2-1/2

[Event "TCh-TUR Super League 2014"]
[Site "Kocaeli TUR"]
[Date "2014.08.28"]
[Round "12.5"]
[Board "1"]
[White "Mamedov, Nidjat"]
[Black "Solak, Dragan"]
[Result "1/2-1/2"]
[WhiteTitle "GM"]
[BlackTitle "GM"]
[WhiteElo "2624"]
[BlackElo "2632"]
[WhiteTeam "Mersin Ezgi Satranc Kulubu"]
[BlackTeam "Besiktas Jimnastik Kulubu"]
[WhiteFideId "13400819"]
[BlackFideId "916811"]
[EventDate "2014.08.18"]

1. e4 c6 2. d4 d5 3. e5 Bf5 4. Nf3 e6 5. Be2 Nd7 6. O-O Bg6 7. Nbd2 Nh6 8. Nb3
Be7 9. Bxh6 gxh6 10. Qd2 h5 11. c3 O-O 12. Nc1 c5 13. Nd3 Rc8 14. Rac1 Kg7 15.
b4 cxb4 16. cxb4 Nb6 17. Nc5 Rc7 18. Qc3 Kh8 19. Nd2 Rg8 20. f4 h4 21. Qe3 Qc8
22. Bd3 Na4 23. Bxg6 Rxg6 24. Nf3 Nb2 25. Qe2 Nc4 26. Nd3 Qg8 27. Kh1 Rc8 28.
Rf2 Rh6 29. f5 Bg5 30. Nxg5 Qxg5 31. fxe6 fxe6 32. Rcf1 Ne3 33. Rf8+ Rxf8 34.
Rxf8+ Kg7 35. Qf3 Nf5 36. Rb8 Qd2 37. h3 Rg6 38. Nf4 Nxd4 39. Rxb7+ Kg8 40. Rb8+
Kg7 41. Qf1 Nf5 42. Nxe6+ Rxe6 43. Qxf5 Qe1+ 44. Kh2 Qg3+ 45. Kg1 Qe3+ 46. Qf2
Qxf2+ 47. Kxf2 Ra6 48. Rb7+ Kg6 49. e6 Rxa2+ 50. Kf3 a5 51. Rxh7 axb4 52. e7
Ra3+ 53. Kf4 Ra8 54. Rxh4 Kf6 55. Kf3 Ra3+ 56. Kf2 Ra2+ 57. Kg3 Ra3+ 58. Kh2
Kxe7 59. Rxb4 Ke6 60. h4 Ke5 61. h5 Ra8 62. Kg1 d4 63. Rb7 Rd8 64. Kf2 d3 65.
Ke1 Rg8 66. Rb2 Kf4 67. Rf2+ 1/2-1/2

[Event "TCh-TUR Super League 2014"]
[Site "Kocaeli TUR"]
[Date "2014.08.28"]
[Round "12.5"]
[Board "2"]
[White "Mamedov, Rauf"]
[Black "Duman, Aydin"]
[Result "1-0"]
[WhiteTitle "GM"]
[WhiteElo "2659"]
[BlackElo "2244"]
[WhiteTeam "Besiktas Jimnastik Kulubu"]
[BlackTeam "Mersin Ezgi Satranc Kulubu"]
[WhiteFideId "13401653"]
[BlackFideId "6301304"]
[EventDate "2014.08.18"]

1. e4 d6 2. d4 Nf6 3. Nc3 e5 4. Nf3 Nbd7 5. Bc4 Be7 6. O-O O-O 7. a4 c6 8. Re1
a5 9. h3 Nb6 10. Bf1 Nfd7 11. Be3 Bf6 12. Qd2 Re8 13. d5 cxd5 14. Nxd5 Nxd5 15.
Qxd5 Be7 16. Qb3 Qc7 17. Bc4 Rf8 18. Bd5 Ra6 19. Nd2 Nf6 20. Bc4 Ra8 21. Bb6 Qb8
22. Nf1 Bd7 23. Ne3 Bd8 24. Bxd8 Qxd8 25. Qd3 Qb6 26. b3 Rad8 27. Rad1 Bc8 28.
Bd5 Qc7 29. Qc4 Nxd5 30. Qxd5 Be6 31. Qd3 Rd7 32. c4 Rc8 33. Rd2 Qc5 34. Red1
Rc6 35. Qc3 Qa7 36. Kh2 b6 37. Qd3 g6 38. g3 Qb8 39. Rf1 Rc5 40. Qe2 Qf8 41. f4
exf4 42. gxf4 f5 43. exf5 Bxf5 44. Nd5 Rd8 45. Re1 Qh6 46. Qf3 Rxd5 47. Rxd5 Qh4
48. Qg3 Qf6 49. Rd2 Rd7 50. Qe3 Qh4 51. Qg3 Qh6 52. h4 Qh5 53. Rde2 Kf7 54. Qg5
Qf3 55. Re7+ Rxe7 56. Qxe7+ Kg8 57. Qe3 Qxe3 58. Rxe3 Kf7 59. Kg3 Be6 60. Rd3
Ke7 61. Kf2 Kd7 62. Ke3 Kc6 63. Kd4 d5 64. Re3 1-0

[Event "TCh-TUR Super League 2014"]
[Site "Kocaeli TUR"]
[Date "2014.08.28"]
[Round "12.5"]
[Board "3"]
[White "Ataman, Alper Efe"]
[Black "Apaydin, Fethi"]
[Result "0-1"]
[WhiteTitle "FM"]
[BlackTitle "FM"]
[WhiteElo "2141"]
[BlackElo "2294"]
[WhiteTeam "Mersin Ezgi Satranc Kulubu"]
[BlackTeam "Besiktas Jimnastik Kulubu"]
[WhiteFideId "6301606"]
[BlackFideId "6302521"]
[EventDate "2014.08.18"]

1. d4 g6 2. c4 Bg7 3. Nc3 d6 4. Nf3 Nd7 5. g3 e5 6. Bg2 Ngf6 7. O-O O-O 8. e4
exd4 9. Nxd4 Re8 10. h3 Nc5 11. Re1 c6 12. Rb1 a5 13. b3 Nfd7 14. Be3 Ne5 15.
Re2 Ne6 16. f4 Nxd4 17. Bxd4 c5 18. Bxe5 dxe5 19. Rd2 Qe7 20. Nd5 Qd6 21. Ne3
Qe7 22. Nd5 Qd6 23. Qf3 f5 24. Rbd1 fxe4 25. Qxe4 Bf5 26. Qf3 exf4 27. gxf4 Bd4+
28. Rxd4 cxd4 29. Qf2 d3 30. Qd4 Re6 31. c5 Qd8 32. Qc4 Kg7 33. Nb6 Rxb6 34.
cxb6 Qxb6+ 35. Kh1 Re8 36. Qd5 Re2 37. Qxb7+ Qxb7 38. Bxb7 d2 39. Bf3 Be4 0-1

[Event "TCh-TUR Super League 2014"]
[Site "Kocaeli TUR"]
[Date "2014.08.28"]
[Round "12.5"]
[Board "4"]
[White "Tanrikulu, Erhan"]
[Black "Sengul, Cengiz"]
[Result "1-0"]
[WhiteElo "2243"]
[BlackElo "2201"]
[WhiteTeam "Besiktas Jimnastik Kulubu"]
[BlackTeam "Mersin Ezgi Satranc Kulubu"]
[WhiteFideId "6302092"]
[BlackFideId "6302785"]
[EventDate "2014.08.18"]

1. e4 e5 2. Nf3 Nc6 3. Bc4 Bc5 4. c3 Nf6 5. d4 exd4 6. cxd4 Bb4+ 7. Nc3 Nxe4 8.
O-O Bxc3 9. d5 Ne5 10. Bb3 Nc5 11. bxc3 Nxb3 12. axb3 Nxf3+ 13. Qxf3 O-O 14. d6
cxd6 15. Ba3 Re8 16. Bxd6 Qb6 17. Rfe1 Re6 18. Rxe6 dxe6 19. Rd1 e5 20. Bxe5 Be6
21. Qg3 f6 22. Bxf6 Bg4 23. Rd6 Re8 24. h3 Qc7 25. hxg4 gxf6 26. g5 f5 27. Rg6+ 1-0

[Event "TCh-TUR Super League 2014"]
[Site "Kocaeli TUR"]
[Date "2014.08.28"]
[Round "12.5"]
[Board "5"]
[White "Hajiyev, Shahin"]
[Black "Arat, Ufuk Sezen"]
[Result "0-1"]
[WhiteElo "2014"]
[BlackElo "2189"]
[WhiteTeam "Mersin Ezgi Satranc Kulubu"]
[BlackTeam "Besiktas Jimnastik Kulubu"]
[WhiteFideId "13401238"]
[BlackFideId "6309089"]
[EventDate "2014.08.18"]

1. d4 Nf6 2. c4 g6 3. Nc3 Bg7 4. e4 d6 5. f3 O-O 6. Be3 Nc6 7. Nge2 Rb8 8. Qd2
a6 9. Nc1 e5 10. d5 Nd4 11. Nb3 c5 12. dxc6 bxc6 13. Nxd4 exd4 14. Bxd4 Re8 15.
Be2 d5 16. cxd5 Rb4 17. Bc5 Nxe4 18. fxe4 Bxc3 19. Qxc3 Rbxe4 20. O-O Rxe2 21.
dxc6 Bf5 22. Rf2 Qc7 23. Bd4 Rxf2 24. Bxf2 Re6 25. Re1 Qxc6 26. Qxc6 Rxc6 27.
Bd4 Kf8 28. Bc3 Be6 29. a3 Ke7 30. Rd1 h5 31. Rd4 f6 32. Kf2 g5 33. h4 Kf7 34.
g3 Kg6 35. hxg5 fxg5 36. Rd2 Bc4 37. Bb4 Kf5 38. Rd6 Rc7 39. Rd4 Bb3 40. Bc3 Re7
41. Kf3 Rf7 42. Kg2 Rc7 43. Kf3 Rc5 44. g4+ hxg4+ 45. Kg3 Re5 46. Rd6 Re3+ 47.
Kf2 Rf3+ 48. Kg2 Rh3 49. Rf6+ Ke4 50. Rxa6 Ke3 51. Rd6 Bc2 52. Re6+ Be4+ 53.
Rxe4+ Kxe4 54. a4 Kd5 55. a5 Rd3 56. Bf6 Ke6 57. Bc3 Kd5 58. Bf6 Kc6 59. b4 Kb5
60. Be7 Rb3 61. Bc5 g3 62. Bd6 g4 63. Bc5 Ra3 64. Bd6 Kc4 65. Bc5 Kd5 66. Bb6
Ke4 67. Bc7 Rc3 68. Bd6 Rd3 69. Bc7 Rd7 70. Bb8 Rd8 71. Bc7 Rc8 72. Bd6 Rd8 73.
Bc7 Rd7 74. Bb8 Rd4 75. b5 Rd5 76. b6 Rxa5 77. Kxg3 Kf5 78. Bc7 Ra3+ 79. Kg2 Rb3
80. Kh2 Ke4 81. Kg2 Rb2+ 82. Kg3 Kf5 83. Bd8 Rb3+ 84. Kg2 g3 85. Bc7 Kg4 86. b7
Rb2+ 87. Kh1 Rxb7 0-1

[Event "TCh-TUR Super League 2014"]
[Site "Kocaeli TUR"]
[Date "2014.08.28"]
[Round "12.5"]
[Board "6"]
[White "Ozturk, Kubra"]
[Black "Kaya, Emel"]
[Result "1-0"]
[WhiteTitle "WGM"]
[BlackTitle "WCM"]
[WhiteElo "2291"]
[BlackElo "2000"]
[WhiteTeam "Besiktas Jimnastik Kulubu"]
[BlackTeam "Mersin Ezgi Satranc Kulubu"]
[WhiteFideId "6302599"]
[BlackFideId "6306411"]
[EventDate "2014.08.18"]

1. d4 Nf6 2. c4 g6 3. Nf3 Bg7 4. g3 O-O 5. Bg2 d5 6. cxd5 Nxd5 7. O-O Nc6 8. e4
Nb6 9. d5 Na5 10. Nc3 Nac4 11. Qe2 f5 12. e5 e6 13. b3 Nd6 14. dxe6 Qe8 15. Bd2
Ne4 16. Nxe4 fxe4 17. Qxe4 Bxe6 18. Rac1 c6 19. Bc3 Rd8 20. Qe2 Bh6 21. Rcd1 Nd5
22. Bb2 c5 23. Nd2 Qf7 24. Ne4 Qc7 25. Nf6+ Nxf6 26. exf6 Kf7 27. Rfe1 Rde8 28.
Qe4 Bxb3 29. Qd5+ 1-0

[Event "TCh-TUR Super League 2014"]
[Site "Kocaeli TUR"]
[Date "2014.08.28"]
[Round "12.5"]
[Board "7"]
[White "Iskandarov, Misratdin"]
[Black "Fedoseev, Vladimir3"]
[Result "1-0"]
[WhiteTitle "IM"]
[BlackTitle "GM"]
[WhiteElo "2397"]
[BlackElo "2672"]
[WhiteTeam "Mersin Ezgi Satranc Kulubu"]
[BlackTeam "Besiktas Jimnastik Kulubu"]
[WhiteFideId "13400312"]
[BlackFideId "24130737"]
[EventDate "2014.08.18"]

1. g3 g6 2. Bg2 Bg7 3. Nf3 Nf6 4. O-O O-O 5. c4 Nc6 6. Nc3 e5 7. d3 d6 8. Rb1
Bd7 9. b4 Qc8 10. b5 Nd8 11. Qc2 Bh3 12. Nd5 Nxd5 13. Bxh3 Qxh3 14. cxd5 Qd7 15.
Be3 f5 16. Rfc1 f4 17. Bd2 Rc8 18. Rb4 Bh6 19. a4 b6 20. Rc4 Rf7 21. d4 fxg3 22.
Bxh6 gxf2+ 23. Kxf2 Qh3 24. Be3 Qh4+ 25. Kg1 Qg4+ 26. Kh1 e4 27. Rg1 Qf5 28. Rg5
Qd7 29. Qxe4 Re7 30. Qd3 Nf7 31. Rg2 Rce8 32. Bd2 Qh3 33. Rc1 Qh5 34. Rcg1 Re4
35. Ne5 Rh4 36. Ng4 Kg7 37. Qf3 Rf8 38. Qf6+ Kg8 39. Qe6 1-0

[Event "TCh-TUR Super League 2014"]
[Site "Kocaeli TUR"]
[Date "2014.08.28"]
[Round "12.5"]
[Board "8"]
[White "Soylemez, Cansu"]
[Black "Ibrahimova, Sabina"]
[Result "0-1"]
[BlackTitle "WIM"]
[WhiteElo "1919"]
[BlackElo "2263"]
[WhiteTeam "Besiktas Jimnastik Kulubu"]
[BlackTeam "Mersin Ezgi Satranc Kulubu"]
[WhiteFideId "6315429"]
[BlackFideId "13403893"]
[EventDate "2014.08.18"]

1. d4 Nf6 2. c4 g6 3. Nf3 Bg7 4. g3 d6 5. Bg2 O-O 6. O-O Nc6 7. Nc3 a6 8. Re1
Rb8 9. a4 e5 10. d5 Ne7 11. e4 a5 12. Nd2 b6 13. Ra3 Nd7 14. Nb3 f5 15. f4 Nc5
16. Nxc5 bxc5 17. fxe5 Bxe5 18. Nb5 fxe4 19. Bxe4 Nf5 20. Rf3 Bd7 21. Kh1 Qe7
22. Qd3 Nd4 23. Rxf8+ Rxf8 24. Bd2 Rf2 25. Bg2 Bf5 26. Qe3 Rxg2 27. Kxg2 Nc2 28.
Qe2 Nxe1+ 29. Bxe1 Qd7 30. Bc3 Bh3+ 31. Kg1 Qf5 32. Bxe5 dxe5 33. Nxc7 e4 34.
Qf2 Qg4 35. Qc2 Qf3 36. d6 Qf1# 0-1

[Event "TCh-TUR Super League 2014"]
[Site "Kocaeli TUR"]
[Date "2014.08.28"]
[Round "12.5"]
[Board "9"]
[White "Oner, Oguz"]
[Black "Ozcan, Bora"]
[Result "1-0"]
[WhiteElo "1787"]
[BlackElo "1786"]
[WhiteTeam "Mersin Ezgi Satranc Kulubu"]
[BlackTeam "Besiktas Jimnastik Kulubu"]
[WhiteFideId "6329330"]
[BlackFideId "6335438"]
[EventDate "2014.08.18"]

1. d4 Nf6 2. c4 c5 3. d5 e6 4. Nc3 exd5 5. cxd5 d6 6. Nf3 g6 7. Nd2 Bg7 8. e4
O-O 9. Be2 Re8 10. O-O a6 11. a4 Nbd7 12. Ra3 Rb8 13. h3 g5 14. Nc4 Nxe4 15.
Nxe4 Rxe4 16. Bd3 Rd4 17. Be3 Rh4 18. Qd2 h6 19. Nxd6 Ne5 20. Nxc8 Qxc8 21. f4
Nxd3 22. Rxd3 c4 23. Ra3 g4 24. Bf2 Rh5 25. hxg4 Qxg4 26. Rg3 Qf5 27. Qd4 f6 28.
d6 Rc8 29. Re1 Kh7 30. d7 Rd8 31. Re7 1-0

[Event "TCh-TUR Super League 2014"]
[Site "Kocaeli TUR"]
[Date "2014.08.28"]
[Round "12.5"]
[Board "10"]
[White "Arda, Cagil Irmak"]
[Black "Mutlu, Beste"]
[Result "0-1"]
[WhiteTitle "WCM"]
[WhiteElo "1872"]
[BlackElo "1629"]
[WhiteTeam "Besiktas Jimnastik Kulubu"]
[BlackTeam "Mersin Ezgi Satranc Kulubu"]
[WhiteFideId "6351700"]
[BlackFideId "6325050"]
[EventDate "2014.08.18"]

1. e4 d6 2. d4 Nf6 3. Nc3 e5 4. Nf3 Nbd7 5. Bc4 Be7 6. O-O O-O 7. a4 a5 8. Re1
c6 9. h3 Nb6 10. Bf1 Nfd7 11. dxe5 dxe5 12. Be3 Qc7 13. Nd2 Nc5 14. Nc4 Be6 15.
Nxa5 Nbxa4 16. Nxa4 Nxa4 17. Bd2 b5 18. b3 Nb6 19. Qf3 Nd7 20. Qc3 Rac8 21. Qg3
Rfd8 22. Bh6 g6 23. f4 Qb6+ 24. Kh1 exf4 25. Bxf4 Bb4 26. c3 Bxa5 27. b4 Bxb4
28. cxb4 Qd4 29. Rab1 Ra8 30. Red1 Qg7 31. Rd6 Ra1 32. Qe1 Rxb1 33. Qxb1 Ra8 34.
Rxc6 Qf6 35. Bh6 g5 36. Qc1 Qxh6 37. Bxb5 Qf6 38. Rc8+ Rxc8 39. Qxc8+ Nf8 40.
Qc5 Qa1+ 41. Kh2 h6 42. Bd3 Ng6 43. b5 Qe5+ 44. Qxe5 Nxe5 45. b6 Bc8 46. Bb5 Bb7
47. Kg3 Kf8 48. Kf2 Ke7 49. Ke3 Nd7 50. Bxd7 Kxd7 51. g4 Ke6 52. Kd4 f6 53. h4
gxh4 54. Ke3 Ke5 55. Kf2 Kf4 56. Kg2 Kxg4 57. Kh2 Bxe4 58. Kg1 Kg3 0-1

[Event "TCh-TUR Super League 2014"]
[Site "Kocaeli TUR"]
[Date "2014.08.28"]
[Round "12.6"]
[Board "1"]
[White "Harikrishna, Pentala"]
[Black "Dubov, Daniil"]
[Result "1/2-1/2"]
[WhiteTitle "GM"]
[BlackTitle "GM"]
[WhiteElo "2725"]
[BlackElo "2614"]
[WhiteTeam "Istanbul Teknik Universitesi Socar – K.N.I."]
[BlackTeam "Ankara Demirspor Kulubu"]
[WhiteFideId "5007003"]
[BlackFideId "24126055"]
[EventDate "2014.08.18"]

1. e4 e5 2. Nf3 Nc6 3. Bb5 Nge7 4. Nc3 g6 5. d4 exd4 6. Nd5 Bg7 7. Bf4 Nxd5 8.
exd5 Ne7 9. d6 cxd6 10. O-O O-O 11. Re1 Qb6 12. Bc4 Qc5 13. Rxe7 d5 14. Re1 dxc4
15. Be5 d5 16. Bxd4 Bxd4 17. Qxd4 Qxd4 18. Nxd4 Bd7 19. Re5 Bc6 20. Rae1 Rfd8
21. f3 Kf8 22. Kf2 Re8 23. h4 Rad8 24. f4 Rxe5 25. Rxe5 Rd6 26. Ke2 Bd7 27. Kd2
f6 28. Re3 Ra6 29. a3 Kf7 30. Kc3 Rb6 31. Re1 h6 32. Re3 Rd6 33. Kb4 b6 34. Kc3
a6 35. h5 gxh5 36. f5 Bc8 37. Rh3 Rd8 38. Rxh5 Rg8 39. Rxh6 Rg3+ 40. Kd2 Rxg2+
41. Ke3 Kg7 42. Rh4 Rg1 43. Kf3 Rb1 44. b3 cxb3 45. cxb3 Bd7 46. Ke2 b5 47. b4
Ra1 48. Rh3 Ra2+ 49. Kf1 Kf7 50. Re3 Rh2 51. Rc3 Ke7 52. Rc7 Ra2 53. Ra7 Kd6 54.
Rxa6+ Ke5 55. Nf3+ Ke4 56. Nh4 Bxf5 57. Rxf6 Bh3+ 58. Ke1 Rxa3 59. Kf2 Rb3 60.
Ng6 Rb2+ 61. Kg3 Rb3+ 62. Kf2 d4 63. Rf4+ Kd5 64. Rh4 Rb2+ 65. Ke1 Rb1+ 66. Kd2
Bf1 67. Nf4+ Ke5 68. Ng6+ Kf6 69. Nf8 Ke7 70. Ng6+ Kf6 71. Nf8 d3 72. Nd7+ Kg5
73. Rd4 Rb2+ 74. Kc3 Rc2+ 75. Kb3 Rc1 76. Nc5 Rc4 77. Rd6 Be2 1/2-1/2

[Event "TCh-TUR Super League 2014"]
[Site "Kocaeli TUR"]
[Date "2014.08.28"]
[Round "12.6"]
[Board "2"]
[White "Onischuk, Vladimir"]
[Black "Can, Emre"]
[Result "1/2-1/2"]
[WhiteTitle "GM"]
[BlackTitle "GM"]
[WhiteElo "2593"]
[BlackElo "2529"]
[WhiteTeam "Ankara Demirspor Kulubu"]
[BlackTeam "Istanbul Teknik Universitesi Socar – K.N.I."]
[WhiteFideId "14114038"]
[BlackFideId "6302181"]
[EventDate "2014.08.18"]

1. e4 c5 2. Nf3 g6 3. d4 cxd4 4. Nxd4 Bg7 5. Nc3 Nc6 6. Nde2 Nf6 7. g3 O-O 8.
Bg2 d6 9. O-O Rb8 10. a4 a6 11. Nd5 b5 12. axb5 axb5 13. Bg5 Nd7 14. Qc1 Re8 15.
Rd1 b4 16. c3 bxc3 17. Nexc3 Nc5 18. Rb1 Bg4 19. f3 Nb3 20. Qe3 Be6 21. Kh1 Bd4
22. Qe2 Bg7 23. Qe3 Bd4 24. Qe2 Bg7 25. f4 h6 26. Bh4 Qc8 27. Qf1 Bg4 28. Rd3
Be6 29. Rdd1 Bg4 30. Rd3 Be6 31. Rbd1 Rb7 32. h3 Nb4 33. Re3 Bxd5 34. Nxd5 1/2-1/2

[Event "TCh-TUR Super League 2014"]
[Site "Kocaeli TUR"]
[Date "2014.08.28"]
[Round "12.6"]
[Board "3"]
[White "Ipatov, Alexander"]
[Black "Baklan, Vladimir"]
[Result "1/2-1/2"]
[WhiteTitle "GM"]
[BlackTitle "GM"]
[WhiteElo "2614"]
[BlackElo "2655"]
[WhiteTeam "Istanbul Teknik Universitesi Socar – K.N.I."]
[BlackTeam "Ankara Demirspor Kulubu"]
[WhiteFideId "14116731"]
[BlackFideId "14102196"]
[EventDate "2014.08.18"]

1. d4 Nf6 2. c4 e6 3. Nf3 b6 4. Nc3 Bb4 5. e3 O-O 6. Bd3 d5 7. cxd5 exd5 8. O-O
Ba6 9. Bxa6 Nxa6 10. Qa4 Qc8 11. Bd2 Re8 1/2-1/2

[Event "TCh-TUR Super League 2014"]
[Site "Kocaeli TUR"]
[Date "2014.08.28"]
[Round "12.6"]
[Board "4"]
[White "Keler, Faruk"]
[Black "Gurevich, Mikhail"]
[Result "1/2-1/2"]
[BlackTitle "GM"]
[WhiteElo "2242"]
[BlackElo "2571"]
[WhiteTeam "Ankara Demirspor Kulubu"]
[BlackTeam "Istanbul Teknik Universitesi Socar – K.N.I."]
[WhiteFideId "6302734"]
[BlackFideId "200930"]
[EventDate "2014.08.18"]

1. d4 f5 2. g3 Nf6 3. Bg2 d6 4. Nf3 g6 5. O-O Bg7 6. b3 O-O 7. Bb2 Ne4 8. Nbd2
Nc6 9. Ne1 d5 10. Ndf3 f4 11. Nd3 fxg3 12. hxg3 Bf5 13. Nde5 Nxe5 14. Nxe5 e6
15. Qe1 1/2-1/2